Bathrooms & bedrooms /

Bibliographic Details
Other Authors: Pauwels, Jo (Photographer), Verbeeck, Patrick, Watkinson, Laura
Format: Book
Language:English
Published: Enghien, Belgium : Beta-Plus, 2008.
Subjects:

MARC

Tag First Indicator Second Indicator Subfields
LEADER 00000cam a2200000Ka 4500
001 in00002394039
005 20151109064637.0
008 071120s2008 be a 000 0 eng d
020 |a 9789077213889 
020 |a 9077213880 
035 |a (OCoLC)ocn182525619 
035 |a (OCoLC)182525619 
040 |a BTCTA  |c BTCTA  |d BAKER  |d YDXCP  |d CLE  |d TXA  |d UtOrBLW 
049 |a TXAM 
090 |a NK2113  |b .B378 2008 
245 0 0 |a Bathrooms & bedrooms /  |c [photography by Jo Pauwels and Patrick Verbeeck ; translation by Laura Watkinson]. 
246 3 |a Bathrooms and bedrooms 
264 1 |a Enghien, Belgium :  |b Beta-Plus,  |c 2008. 
300 |a 204 pages :  |b chiefly color illustrations ;  |c 31 cm. 
336 |a text  |b txt  |2 rdacontent 
337 |a unmediated  |b n  |2 rdamedia 
338 |a volume  |b nc  |2 rdacarrier 
650 0 |a Interior decoration  |v Pictorial works. 
650 0 |a Bathrooms  |v Pictorial works. 
650 0 |a Bedrooms  |v Pictorial works. 
700 1 |a Pauwels, Jo  |c (Photographer) 
700 1 |a Verbeeck, Patrick. 
700 1 |a Watkinson, Laura. 
938 |a Baker and Taylor  |b BTCP  |n BK0007528195 
938 |a Baker & Taylor  |b BKTY  |c 95.00  |d 71.25  |i 9077213880  |n 0007528195  |s active 
938 |a YBP Library Services  |b YANK  |n 2778603 
945 |a PromptCat  |b 437084 
946 |a stk 
947 |a A14836800516 
948 |a cataloged  |b h  |c 2008/6/18  |d c  |e jgreene  |f 3:07:23 pm 
994 |a C0  |b TXA 
999 |a MARS 
999 f f |s b5719bd5-ade5-3e4f-8f99-fe05a62bf840  |i 002598ea-a831-3e26-88a6-42fe2dfa597c  |t 0 
952 f f |p normal  |a Texas A&M University  |b College Station  |c Sterling C. Evans Library  |d Evans: Library Stacks  |t 0  |e NK2113 .B378 2008  |h Library of Congress classification  |i unmediated -- volume  |m A14836800516 
998 f f |a NK2113 .B378 2008  |t 0  |l Evans: Library Stacks